000
00311nam a22001337a 4500
999
_c
15369
_d
15369
020
_a
9788171308644
082
_a
894.812 3
_b
KHA/TH
100
_a
Khader, U. A
_9
3052
245
_a
Thrikkottoor Peruma
260
_a
Kottayam
_b
D.C Books
_c
2017
300
_a
308
650
_a
Malayalam Fiction
_9
3040
942
_c
BK